000 00358nam a2200145Ia 4500
008 240624s9999 xx 000 0 und d
041 _aeng
082 _a300.72 SIL
100 _aSILVERMAN DAVID
245 _aVERY SHORT FAIRLY INTERESTING AND REASON
250 _a(2nd ed.)
260 _c2013
_aNew Delhi
_bSage
300 _a200 , p.
365 _cBPS
_b30
999 _c30882
_d30882